[Event "Mittelrhein Verbandsliga-M 1112"]
[Site "Germany"]
[Date "2011.10.09"]
[Round "2.5"]
[White "Boehm, Stefan"]
[Black "Dennig, Joerg"]
[Result "1-0"]
[WhiteElo "1941"]
[BlackElo "1898"]
[PlyCount "78"]
[EventDate "2011.09.18"]
[EventType "team-tourn"]
[EventRounds "11"]
[EventCountry "GER"]
[SourceTitle "EXT 2013"]
[Source "ChessBase"]
[SourceDate "2012.11.22"]
[SourceVersion "1"]
[SourceVersionDate "2012.11.22"]
[SourceQuality "1"]
[WhiteTeam "Bayer Leverkusen"]
[BlackTeam "Langenfeld III"]
[WhiteTeamCountry "GER"]
[BlackTeamCountry "GER"]

1. d4 Nf6 2. c4 c5 3. d5 b5 4. cxb5 a6 5. Nc3 axb5 6. e4 b4 7. Nb5 d6 8. Bc4 g6 9. e5 dxe5 10. d6 Na6 11. Bg5 Bg7 12. Qb3 0-0 13. 0-0-0 exd6 14. Rxd6 Qe7 15. f4 h6 16. Bh4 exf4 17. Nf3 g5 18. Re1 Qb7 19. Bxg5 hxg5 20. Qd3 Be6 21. Rexe6 fxe6 22. Bxe6+ Kh8 23. Ne5 Qe4 24. Ng6+ Kh7 25. Nxf8+ Kh8 26. Qh3+ Nh7 27. Bf5 Qe3+ 28. Qxe3 fxe3 29. Nxh7 Re8 30. Nxg5 Nb8 31. Nf3 e2 32. Ne1 Rf8 33. g4 Be5 34. Re6 Bf4+ 35. Kc2 Kg7 36. h4 Nd7 37. Rg6+ Kf7 38. Re6 Ne5 39. Nd6+ Kg7 1-0

[Event "Leverkusen Bayer op 9th"]
[Site "Leverkusen"]
[Date "2011.01.24"]
[Round "2"]
[White "Weinmann Musset, Manfred"]
[Black "Boehm, Stefan"]
[Result "0-1"]
[WhiteElo "1801"]
[BlackElo "2082"]
[PlyCount "58"]
[EventDate "2011.01.10"]
[EventType "swiss"]
[EventRounds "7"]
[EventCountry "GER"]
[SourceTitle "EXT 2012"]
[Source "ChessBase"]
[SourceDate "2011.11.24"]
[SourceVersion "1"]
[SourceVersionDate "2011.11.24"]
[SourceQuality "1"]

1. d4 e6 2. c4 b6 3. Nf3 Bb7 4. a3 Nf6 5. Bg5 Be7 6. Nc3 0-0 7. e3 d6 8. Qc2 Nbd7 9. Be2 a6 10. h4 c5 11. Rd1 cxd4 12. exd4 Qc7 13. g4 Rfe8 14. Rg1 d5 15. Bxf6 Nxf6 16. g5 Nh5 17. Ne5 Nf4 18. h5 Bxg5 19. Nxf7 Qxf7 20. Rxg5 Nh3 21. Rg2 dxc4 22. Rh2 Nf4 23. Bxc4 Ng2+ 24. Rxg2 Bxg2 25. d5 exd5+ 26. Be2 Qxh5 27. Rd4 Bf3 28. Qa4 Bxe2 29. Nxe2 Qxe2# 0-1

[Event "Leverkusen-ch op"]
[Site "Leverkusen"]
[Date "2010.02.01"]
[Round "2"]
[White "Boehm, Stefan"]
[Black "Lessing, Sebastian"]
[Result "1-0"]
[WhiteElo "2087"]
[BlackElo "1567"]
[PlyCount "51"]
[EventDate "2010.01.18"]
[EventType "swiss"]
[EventRounds "7"]
[EventCountry "GER"]
[SourceTitle "EXT 2011"]
[Source "ChessBase"]
[SourceDate "2010.11.26"]
[SourceVersion "1"]
[SourceVersionDate "2010.11.26"]
[SourceQuality "1"]

1. d4 d5 2. c4 c6 3. Nc3 e6 4. e4 dxe4 5. Nxe4 Nf6 6. Nxf6+ Qxf6 7. Nf3 h6 8. Bd3 Bd6 9. 0-0 0-0 10. Qe2 Re8 11. Re1 Bd7 12. Qe4 Na6 13. c5 Bc7 14. Bd2 Qf5 15. Qe2 Qh5 16. Bxa6 bxa6 17. Qxa6 Reb8 18. Bc3 f6 19. Qe2 Re8 20. Qd3 g5 21. g3 g4 22. Nh4 f5 23. d5 f4 24. dxe6 fxg3 25. hxg3 Qxc5 26. Qg6+ 1-0

[Event "Leverkusen-ch op"]
[Site "Leverkusen"]
[Date "2010.01.18"]
[Round "1"]
[White "Weck, Petra"]
[Black "Boehm, Stefan"]
[Result "0-1"]
[WhiteElo "1536"]
[BlackElo "2087"]
[PlyCount "58"]
[EventDate "2010.01.18"]
[EventType "swiss"]
[EventRounds "7"]
[EventCountry "GER"]
[SourceTitle "EXT 2011"]
[Source "ChessBase"]
[SourceDate "2010.11.26"]
[SourceVersion "1"]
[SourceVersionDate "2010.11.26"]
[SourceQuality "1"]

1. e4 c5 2. Bc4 e6 3. Nc3 a6 4. Nf3 d6 5. 0-0 Nf6 6. a4 Be7 7. e5 dxe5 8. Nxe5 0-0 9. Re1 Qc7 10. d3 Nc6 11. Nxc6 Qxc6 12. Bg5 b6 13. Bxf6 Bxf6 14. Rb1 Bb7 15. Ne4 Be7 16. h3 f5 17. f3 fxe4 18. Rxe4 Rf6 19. Qe1 Kh8 20. Bxe6 Bd6 21. Bg4 Raf8 22. Qe2 Qc7 23. Re6 Rxe6 24. Qxe6 Bc8 25. Qc4 Bxg4 26. Qxg4 Qe7 27. Rf1 Qe3+ 28. Kh1 Qe2 29. Rc1 Qe5 0-1

[Event "Leverkusen-ch op"]
[Site "Leverkusen"]
[Date "2009.03.02"]
[Round "5"]
[White "Balduan, Karl Heinz"]
[Black "Boehm, Stefan"]
[Result "1-0"]
[WhiteElo "1464"]
[BlackElo "1976"]
[PlyCount "89"]
[EventDate "2009.01.12"]
[EventType "swiss"]
[EventRounds "7"]
[EventCountry "GER"]
[SourceTitle "EXT 2010"]
[Source "ChessBase"]
[SourceDate "2010.11.25"]
[SourceVersion "1"]
[SourceVersionDate "2010.11.25"]
[SourceQuality "1"]

1. d4 e6 2. c4 b6 3. e4 Bb7 4. Bd3 Bb4+ 5. Bd2 Nc6 6. Nf3 Bxd2+ 7. Qxd2 Nge7 8. 0-0 Ng6 9. Qc3 Nf4 10. d5 Ne7 11. Qd2 Nxd3 12. Qxd3 0-0 13. Nc3 exd5 14. cxd5 d6 15. Nd4 Ng6 16. f4 Qh4 17. Nce2 Rfe8 18. Rf3 Qe7 19. Nc3 Bc8 20. Nc6 Qh4 21. Raf1 a5 22. Qe3 Ba6 23. R1f2 Ne7 24. Nd4 Bb7 25. Rh3 Qg4 26. Qd3 Ng6 27. Qd2 Nh4 28. Rg3 Qh5 29. f5 h6 30. Rf4 g5 31. Rfg4 f6 32. Ne6 Re7 33. Nf4 Qe8 34. Rxh4 Kh7 35. Nh5 Qf7 36. Rhh3 Rae8 37. Qd4 Rf8 38. Rg4 Re5 39. Nb5 Rc8 40. Qe3 Rce8 41. Nxc7 Rc8 42. Nb5 Qe7 43. Nxf6+ Qxf6 44. Rxg5 Rxe4 45. Rg6 1-0

[Event "Leverkusen-ch op"]
[Site "Leverkusen"]
[Date "2008.02.25"]
[Round "4"]
[White "Boehm, Stefan"]
[Black "Kraemer, Detlef"]
[Result "0-1"]
[WhiteElo "2010"]
[BlackElo "1882"]
[PlyCount "78"]
[EventDate "2008.01.14"]
[EventType "swiss"]
[EventRounds "7"]
[EventCountry "GER"]
[SourceTitle "EXT 2010"]
[Source "ChessBase"]
[SourceDate "2010.11.25"]
[SourceVersion "1"]
[SourceVersionDate "2010.11.25"]
[SourceQuality "1"]

1. d4 d5 2. c4 c6 3. Nc3 Nf6 4. Bg5 Bf5 5. Bxf6 gxf6 6. cxd5 cxd5 7. Qb3 Nc6 8. e3 e6 9. Qxb7 Rc8 10. Bb5 Qc7 11. Qxc7 Rxc7 12. Rc1 Kd7 13. Nge2 Bd6 14. f3 Rb8 15. e4 Bg6 16. b3 Bb4 17. 0-0 Kd6 18. Ba4 a6 19. exd5 Nxd4 20. Ne4+ Bxe4 21. Rxc7 Nxe2+ 22. Kh1 Kxc7 23. fxe4 Kd6 24. Rxf6 Rc8 25. Bc6 Ke7 26. Rh6 Nd4 27. Rxh7 Nxc6 28. dxc6 Rxc6 29. h4 Bd6 30. g4 Rc2 31. g5 Kf8 32. h5 Rxa2 33. g6 fxg6 34. hxg6 Be5 35. Rb7 a5 36. Rf7+ Ke8 37. Ra7 Rh2+ 38. Kg1 Bd4+ 39. Kxh2 Bxa7 0-1

[Event "Leverkusen-ch op"]
[Site "Leverkusen"]
[Date "2008.02.11"]
[Round "3"]
[White "Romaker, Johann"]
[Black "Boehm, Stefan"]
[Result "0-1"]
[WhiteElo "1849"]
[BlackElo "2010"]
[PlyCount "140"]
[EventDate "2008.01.14"]
[EventType "swiss"]
[EventRounds "7"]
[EventCountry "GER"]
[SourceTitle "EXT 2010"]
[Source "ChessBase"]
[SourceDate "2010.11.25"]
[SourceVersion "1"]
[SourceVersionDate "2010.11.25"]
[SourceQuality "1"]

1. d4 e6 2. c4 b6 3. Nc3 Bb7 4. e4 Bb4 5. Bd3 f5 6. d5 fxe4 7. Bxe4 Qh4 8. Qe2 Nf6 9. Bf3 0-0 10. dxe6 Nc6 11. g3 Qd4 12. Bd2 Rae8 13. 0-0-0 Rxe6 14. Be3 Qe5 15. Nd5 Bd6 16. Qc2 Nxd5 17. Rxd5 Qf6 18. a3 Na5 19. Be4 Kh8 20. Nh3 Bxd5 21. cxd5 Re5 22. Nf4 Rxe4 23. Qxe4 Qf5 24. Qxf5 Rxf5 25. Rd1 Nc4 26. Kc2 Be5 27. Nd3 Bf6 28. Bf4 d6 29. Re1 g5 30. Re8+ Kg7 31. Bc1 Rxd5 32. Ra8 Ne5 33. Nxe5 Rxe5 34. Be3 a5 35. Ra7 Re7 36. b4 axb4 37. axb4 Kg6 38. Kd3 Kf5 39. h3 d5 40. g4+ Kg6 41. Rb7 d4 42. Bd2 Be5 43. Kc2 h5 44. b5 hxg4 45. hxg4 Rf7 46. Be1 Rd7 47. Kd3 Rd5 48. Ke4 Rxb5 49. Bd2 Bd6 50. Kxd4 Rb2 51. Kd3 Ra2 52. Be3 Ra8 53. Ke4 Kf6 54. Kd5 Ra5+ 55. Ke4 Ke6 56. Rb8 Ra4+ 57. Kf3 Bf4 58. Rb7 Kd5 59. Rb8 Kc6 60. Rg8 Ra3 61. Ke2 Bxe3 62. fxe3 Ra5 63. Kd3 Rd5+ 64. Kc3 Kc5 65. Rf8 b5 66. e4 b4+ 67. Kc2 Re5 68. Rf5 Kd4 69. Kb3 Kxe4 70. Rf1 c5 0-1

[Event "Leverkusen-ch op"]
[Site "Leverkusen"]
[Date "2008.01.28"]
[Round "2"]
[White "Boehm, Stefan"]
[Black "Michalczak, Thomas"]
[Result "0-1"]
[WhiteElo "2010"]
[BlackElo "2294"]
[PlyCount "126"]
[EventDate "2008.01.14"]
[EventType "swiss"]
[EventRounds "7"]
[EventCountry "GER"]
[SourceTitle "EXT 2010"]
[Source "ChessBase"]
[SourceDate "2010.11.25"]
[SourceVersion "1"]
[SourceVersionDate "2010.11.25"]
[SourceQuality "1"]

1. d4 Nf6 2. c4 c5 3. d5 b5 4. cxb5 a6 5. Nc3 axb5 6. e4 b4 7. Nb5 d6 8. Bc4 Nbd7 9. Nf3 Nb6 10. Bd3 Bg4 11. b3 g6 12. Bb2 Bg7 13. 0-0 0-0 14. h3 Bxf3 15. Qxf3 Nbd7 16. Qe2 Qb6 17. Bc4 Nh5 18. Bxg7 Nxg7 19. f4 Rfb8 20. Qb2 Ra5 21. a4 bxa3 22. Nxa3 Nh5 23. Nc2 Ndf6 24. e5 Ne4 25. Ne3 Rxa1 26. Qxa1 Nd2 27. Rf2 Nxb3 28. Bxb3 Qxb3 29. Qa7 Rb7 30. Qa8+ Rb8 31. Qa7 Qb7 32. Qxb7 Rxb7 33. exd6 exd6 34. Nc4 Rb1+ 35. Kh2 Rd1 36. Nxd6 Rxd5 37. Ne4 f5 38. Ng5 h6 39. Ne6 Kf7 40. Nc7 Rd4 41. g3 Nf6 42. Nb5 Ne4 43. Ra2 Rd2+ 44. Rxd2 Nxd2 45. Kg2 Ke6 46. g4 Kd5 47. gxf5 gxf5 48. Kf2 Ke4 49. Kg3 Nf1+ 50. Kf2 Ne3 51. Kg3 Nd5 52. Nd6+ Kd3 53. Nxf5 c4 54. Nh4 c3 55. Nf3 Ke4 56. Ne1 Nxf4 57. Nc2 Kf5 58. Ne3+ Ke4 59. Nc2 Nd5 60. Kh4 Kd3 61. Na3 Ne3 62. Kh5 Nc4 63. Nxc4 Kxc4 0-1

[Event "Leverkusen-ch op"]
[Site "Leverkusen"]
[Date "2008.01.14"]
[Round "1"]
[White "Hasanovic, Husein"]
[Black "Boehm, Stefan"]
[Result "0-1"]
[WhiteElo "1592"]
[BlackElo "2010"]
[PlyCount "76"]
[EventDate "2008.01.14"]
[EventType "swiss"]
[EventRounds "7"]
[EventCountry "GER"]
[SourceTitle "EXT 2010"]
[Source "ChessBase"]
[SourceDate "2010.11.25"]
[SourceVersion "1"]
[SourceVersionDate "2010.11.25"]
[SourceQuality "1"]

1. e4 c5 2. Nf3 a6 3. d3 d6 4. g3 g6 5. Bg2 Bg7 6. c3 Nc6 7. 0-0 Rb8 8. Nbd2 e6 9. Nc4 b5 10. Ne3 Nge7 11. Nh4 0-0 12. f4 f5 13. g4 Bd7 14. exf5 exf5 15. g5 b4 16. Nd5 bxc3 17. bxc3 Be8 18. Bd2 Kh8 19. Re1 Nxd5 20. Bxd5 Ne7 21. Bb3 Bf7 22. Nf3 Nd5 23. d4 Qc7 24. Rc1 c4 25. Ba4 Rb2 26. h4 Nb6 27. Bc2 Qc6 28. Kf2 Bd5 29. Re3 Be4 30. Kg3 Nd5 31. Rxe4 fxe4 32. Bxe4 Qb7 33. h5 gxh5 34. Qh1 Qf7 35. g6 hxg6 36. Qxh5+ gxh5 37. Ng5 Qd7 38. f5 Rxf5 0-1